<?xml version="1.0" encoding="UTF-8"?>
<record
    xmlns:xsi="http://www.w3.org/2001/XMLSchema-instance"
    xsi:schemaLocation="http://www.loc.gov/MARC21/slim http://www.loc.gov/standards/marcxml/schema/MARC21slim.xsd"
    xmlns="http://www.loc.gov/MARC21/slim">

  <leader>03710nam a22003497a 4500</leader>
  <controlfield tag="003">OSt</controlfield>
  <controlfield tag="005">20260506134415.0</controlfield>
  <controlfield tag="008">251001b        |||||||| |||| 00| 0 eng d</controlfield>
  <datafield tag="020" ind1=" " ind2=" ">
    <subfield code="a">9786210434392 (paperback)</subfield>
  </datafield>
  <datafield tag="040" ind1=" " ind2=" ">
    <subfield code="a">Foundation University</subfield>
    <subfield code="b">English</subfield>
    <subfield code="c">Foundation University</subfield>
    <subfield code="e">rda</subfield>
  </datafield>
  <datafield tag="041" ind1=" " ind2=" ">
    <subfield code="a">eng</subfield>
  </datafield>
  <datafield tag="050" ind1=" " ind2=" ">
    <subfield code="a">TX 943</subfield>
    <subfield code="b">.2022 Y36</subfield>
  </datafield>
  <datafield tag="100" ind1=" " ind2=" ">
    <subfield code="a">Yao, Claire Ann M.</subfield>
    <subfield code="e">author</subfield>
    <subfield code="9">12330</subfield>
  </datafield>
  <datafield tag="245" ind1=" " ind2=" ">
    <subfield code="a">Fundamentals in food service operations /</subfield>
    <subfield code="c">Claire Ann M. Yao, Ph.D.</subfield>
  </datafield>
  <datafield tag="250" ind1=" " ind2=" ">
    <subfield code="a">First edition</subfield>
  </datafield>
  <datafield tag="260" ind1=" " ind2=" ">
    <subfield code="a">Manila, Philippines :</subfield>
    <subfield code="b">Rex Book Store,</subfield>
    <subfield code="c">c2022.</subfield>
  </datafield>
  <datafield tag="264" ind1=" " ind2=" ">
    <subfield code="4">2022</subfield>
  </datafield>
  <datafield tag="300" ind1=" " ind2=" ">
    <subfield code="a">vi, 222 pages :</subfield>
    <subfield code="b">illustrations ;</subfield>
    <subfield code="c">25 cm.</subfield>
    <subfield code="3">books</subfield>
    <subfield code="f">books</subfield>
  </datafield>
  <datafield tag="336" ind1=" " ind2=" ">
    <subfield code="a">text</subfield>
    <subfield code="b">txt</subfield>
  </datafield>
  <datafield tag="337" ind1=" " ind2=" ">
    <subfield code="a">unmediated</subfield>
    <subfield code="b">n</subfield>
  </datafield>
  <datafield tag="338" ind1=" " ind2=" ">
    <subfield code="3">paper</subfield>
    <subfield code="a">paper</subfield>
    <subfield code="b">n</subfield>
  </datafield>
  <datafield tag="490" ind1=" " ind2=" ">
    <subfield code="a">HRM-TOURISM series</subfield>
  </datafield>
  <datafield tag="500" ind1=" " ind2=" ">
    <subfield code="a">OBE Outcomes-Based Education -- Front cover</subfield>
  </datafield>
  <datafield tag="504" ind1=" " ind2=" ">
    <subfield code="a">Includes bibliographical references and index.</subfield>
  </datafield>
  <datafield tag="505" ind1=" " ind2=" ">
    <subfield code="a">Lesson 1 : Introduction to food and beverage service industry. -- Lesson 2 : The food and beverage service organization. -- Lesson 3 : Customer's meal experience and desired attributes of food and beverage service personnel. -- Lesson 4 : Food and beverage service area and equipment. -- Lesson 5 : The menu. -- Lesson 6 : Table reservation. -- Lesson 7 : Service preparation. -- Lesson 8 : Food service methods. -- Lesson 9 : Service techniques. -- Lesson 10 : Service sequence. -- Lesson 11 : Sales control systems in food and beverage service operations.</subfield>
  </datafield>
  <datafield tag="520" ind1=" " ind2=" ">
    <subfield code="a">The food and beverage service industry is a paramount segment of the hospitality industry, contributing significantly to the large proportion of the economy. With a robust economic performance in recent years, numerous foodservice outlets have mush roomed. This is due to a rise in the frequency of people eating out influenced by the growing affluence, the increasingly busy lifestyles, the desire for convenience, and the entry of several international brands in thePhilippine food service industry.
The Philippines' food service market experiences continuous growth and is highly driven by the rise of value-conscious customers who are willing to try new food service outlets with a wide range of menu options, including interesting international and local cuisines. With high competition in the food service industry, differentiators in food service operations become an edge. Well-planned food service operations and highly skilled personnel are deemed necessary to achieve customer satisfaction and create an excellent customer's meal experience.
This textbook is written to help you understand the complexities of operating and managing food and beverage service outlets. Food and beverage service organization, desired attributes and interpersonal skills of service personnel, planning the service areas, essential tools and equipment, menu design and considerations, standard operating procedures, service preparations, methods, techniques, and control measures are discussed in this textbook, which are all essential in achieving excellent customer's meal experience and customer's satisfaction during the delivery of service.
The author desires that this textbook serves as a guide for hospitality management students and those who would like to engage in the food and beverage service business toward business opportunity and success. -- Preface</subfield>
  </datafield>
  <datafield tag="650" ind1=" " ind2=" ">
    <subfield code="2">LC</subfield>
    <subfield code="a">Food service</subfield>
  </datafield>
  <datafield tag="650" ind1=" " ind2=" ">
    <subfield code="2">LC</subfield>
    <subfield code="a">Food service management</subfield>
    <subfield code="9">1660</subfield>
  </datafield>
  <datafield tag="658" ind1=" " ind2=" ">
    <subfield code="b">Fundamentals in Food Service Operations</subfield>
    <subfield code="c">HRM206</subfield>
  </datafield>
  <datafield tag="856" ind1=" " ind2=" ">
    <subfield code="u">https://drive.google.com/file/d/12JsPc5ofUalhg6keM2f7Qvzcl6-K7sMI/view?usp=sharing</subfield>
    <subfield code="y">Click here to view the table of contents</subfield>
  </datafield>
  <datafield tag="942" ind1=" " ind2=" ">
    <subfield code="2">lcc</subfield>
    <subfield code="c">BK</subfield>
    <subfield code="e">First edition</subfield>
    <subfield code="h">TX 943</subfield>
    <subfield code="i">.2022 Y36</subfield>
    <subfield code="k">(CHM)</subfield>
    <subfield code="n">0</subfield>
  </datafield>
  <datafield tag="999" ind1=" " ind2=" ">
    <subfield code="c">5036</subfield>
    <subfield code="d">5036</subfield>
  </datafield>
  <datafield tag="952" ind1=" " ind2=" ">
    <subfield code="u">https://drive.google.com/file/d/12JsPc5ofUalhg6keM2f7Qvzcl6-K7sMI/view?usp=sharing</subfield>
    <subfield code="0">0</subfield>
    <subfield code="1">0</subfield>
    <subfield code="2">lcc</subfield>
    <subfield code="4">0</subfield>
    <subfield code="7">7</subfield>
    <subfield code="8">NFIC</subfield>
    <subfield code="a">FOUNDATION</subfield>
    <subfield code="b">FOUNDATION</subfield>
    <subfield code="c">CIRC</subfield>
    <subfield code="d">2025-10-01</subfield>
    <subfield code="e">Purchase</subfield>
    <subfield code="l">0</subfield>
    <subfield code="o">(CHM) TX 943 .2022 Y36</subfield>
    <subfield code="p">0252025003046</subfield>
    <subfield code="r">2025-10-01 12:12:00</subfield>
    <subfield code="w">2025-10-01</subfield>
    <subfield code="y">BK</subfield>
    <subfield code="k">CHM-2025046</subfield>
  </datafield>
  <datafield tag="952" ind1=" " ind2=" ">
    <subfield code="u">https://drive.google.com/file/d/12JsPc5ofUalhg6keM2f7Qvzcl6-K7sMI/view?usp=sharing</subfield>
    <subfield code="0">0</subfield>
    <subfield code="1">0</subfield>
    <subfield code="2">lcc</subfield>
    <subfield code="4">0</subfield>
    <subfield code="7">4</subfield>
    <subfield code="8">NFIC</subfield>
    <subfield code="a">FOUNDATION</subfield>
    <subfield code="b">FOUNDATION</subfield>
    <subfield code="c">MAIN-CHM</subfield>
    <subfield code="d">2026-05-06</subfield>
    <subfield code="e">Library Budget</subfield>
    <subfield code="l">0</subfield>
    <subfield code="o">(CHM-HosMgt) TX 943 .2022 Y36 c.2</subfield>
    <subfield code="p">0252026003054</subfield>
    <subfield code="r">2026-05-06 12:01:23</subfield>
    <subfield code="w">2026-05-06</subfield>
    <subfield code="y">BK</subfield>
    <subfield code="k">CHM-HosMgt-2026054</subfield>
  </datafield>
  <datafield tag="952" ind1=" " ind2=" ">
    <subfield code="u">https://drive.google.com/file/d/12JsPc5ofUalhg6keM2f7Qvzcl6-K7sMI/view?usp=sharing</subfield>
    <subfield code="0">0</subfield>
    <subfield code="1">0</subfield>
    <subfield code="2">ddc</subfield>
    <subfield code="4">0</subfield>
    <subfield code="7">0</subfield>
    <subfield code="8">NFIC</subfield>
    <subfield code="a">FOUNDATION</subfield>
    <subfield code="b">FOUNDATION</subfield>
    <subfield code="c">MAIN-CHM</subfield>
    <subfield code="d">2026-05-06</subfield>
    <subfield code="e">Library Budget</subfield>
    <subfield code="l">0</subfield>
    <subfield code="o">(CHM-HosMgt) TX 943 .2022 Y36 c.3</subfield>
    <subfield code="p">0252026003055</subfield>
    <subfield code="r">2026-05-06 13:37:33</subfield>
    <subfield code="w">2026-05-06</subfield>
    <subfield code="y">BK</subfield>
    <subfield code="k">CHM-HosMgt-2026055</subfield>
  </datafield>
</record>
